MARC details
| 000 -LEADER |
| campo de control de longitud fija |
01703cam a2200337 4500 |
| 001 - NÚMERO DE CONTROL |
| campo de control |
2690 |
| 005 - FECHA Y HORA DE LA ÚLTIMA TRANSACCIÓN |
| campo de control |
20230410103901.0 |
| 008 - DATOS DE LONGITUD FIJA--INFORMACIÓN GENERAL |
| campo de control de longitud fija |
060907n2001 nyu eng |
| 035 ## - NÚMERO DE CONTROL DEL SISTEMA |
| -- |
funglode2700 |
| 010 ## - NÚMERO DE CONTROL DE LA BIBLIOTECA DEL CONGRESO |
| Número de control de LC |
2001020633 |
| 020 ## - NÚMERO INTERNACIONAL ESTÁNDAR DEL LIBRO |
| Número Internacional Estándar del Libro |
0805241906 |
| 020 ## - NÚMERO INTERNACIONAL ESTÁNDAR DEL LIBRO |
| Número Internacional Estándar del Libro |
9780805241907 |
| 035 ## - NÚMERO DE CONTROL DEL SISTEMA |
| Número de control de sistema |
(OCoLC)46402095 |
| 042 ## - CÓDIGO DE AUTENTICACIÓN |
| Código de autenticación |
pcc |
| 050 14 - SIGNATURA TOPOGRÁFICA DE LA BIBLIOTECA DEL CONGRESO |
| Número de clasificación |
416 DS 125 |
| Número de ítem |
G464j 2001 |
| 082 00 - NÚMERO DE LA CLASIFICACIÓN DECIMAL DEWEY |
| Número de clasificación |
909/.04924 |
| 049 ## - FONDOS LOCALES (OCLC) |
| Biblioteca depositaria |
GRAL |
| 100 1# - ENTRADA PRINCIPAL--NOMBRE DE PERSONA |
| Nombre de persona |
Gilbert, Martin, |
| Fechas asociadas al nombre |
1936- |
| 245 14 - MENCIÓN DEL TÍTULO |
| Título |
The Jews in the twentieth century / |
| Mención de responsabilidad, etc. |
Martin Gilbert ; picture research by Sarah Jackson and Franziska Payer Crockett. |
| 260 ## - PUBLICACIÓN, DISTRIBUCIÓN, ETC. |
| Lugar de publicación, distribución, etc. |
New York : |
| Nombre del editor, distribuidor, etc. |
Schocken Books, |
| Fecha de publicación, distribución, etc. |
c2001. |
| 300 ## - DESCRIPCIÓN FÍSICA |
| Extensión |
376 p. : |
| Otras características físicas |
ill. ; |
| Dimensiones |
27 cm. |
| 500 ## - NOTA GENERAL |
| Nota general |
Includes index. |
| 520 ## - RESUMEN, ETC. |
| Sumario, etc. |
Maps of Europe and the Middle East, 8. -- Migration, assimilation, the promised land, 12. -- The first world war, 62. -- The crucible years, 100. -- Challenge and response, 146. -- The second world war, 196. -- Rehabilitation, statehood and renewal, 238. -- Successes, threats and dilemmas, 284. -- Towards the twenty-first century, 332 |
| 650 #0 - PUNTO DE ACCESO ADICIONAL DE MATERIA--TÉRMINO DE MATERIA |
| Término de materia o nombre geográfico como elemento de entrada |
Jews |
| Subdivisión general |
History |
| Subdivisión cronológica |
20th century. |
| 650 #0 - PUNTO DE ACCESO ADICIONAL DE MATERIA--TÉRMINO DE MATERIA |
| Término de materia o nombre geográfico como elemento de entrada |
Jews |
| Subdivisión general |
History |
| Subdivisión cronológica |
20th century |
| Subdivisión de forma |
Pictorial works. |
| 776 08 - ENTRADA DE FORMULARIO FÍSICO ADICIONAL |
| Información de relación |
Online version: |
| Encabezamiento principal |
Gilbert, Martin, 1936- |
| Título |
Jews in the twentieth century. |
| Edición |
1st ed. |
| Lugar, editor y fecha de publicación |
New York : Schocken Books, c2001 |
| Número de control del registro |
(OCoLC)607572719 |
| 776 08 - ENTRADA DE FORMULARIO FÍSICO ADICIONAL |
| Información de relación |
Online version: |
| Encabezamiento principal |
Gilbert, Martin, 1936- |
| Título |
Jews in the twentieth century. |
| Edición |
1st ed. |
| Lugar, editor y fecha de publicación |
New York : Schocken Books, c2001 |
| Número de control del registro |
(OCoLC)608869826 |
| 856 42 - LOCALIZACIÓN Y ACCESO ELECTRÓNICOS |
| Materiales especificados |
Contributor biographical information |
| Identificador Uniforme de Recursos |
<a href="http://www.loc.gov/catdir/bios/random053/2001020633.html">http://www.loc.gov/catdir/bios/random053/2001020633.html</a> |
| 856 42 - LOCALIZACIÓN Y ACCESO ELECTRÓNICOS |
| Materiales especificados |
Publisher description |
| Identificador Uniforme de Recursos |
<a href="http://www.loc.gov/catdir/description/random042/2001020633.html">http://www.loc.gov/catdir/description/random042/2001020633.html</a> |
| 942 ## - ELEMENTOS DE ENTRADA SECUNDARIOS (KOHA) |
| Fuente del sistema de clasificación o colocación |
Clasificación de Library of Congress |
| Tipo de ítem Koha |
|